00453nam a22001577a 450000500170000001000150001702000250003203500130005703700130007008200110008310000250009424500410011926000580016027000500021830000270026820141128114805.0 aENG-111266 a9789350690734c80.00 aEN-94798 bDBAD/PUB a230.35 aKamaraju, Anil Kumar aI am yours /bby Anil Kumar Kamaraju aPrasanthi NilayambSri Sathya Sai Sadhana Trustc2014 aAnantapur DistrictbPrasanthi Nilayame515134 axiii, 378p.c22cm(pbk)